| 000 | 00392nam a22001697a 4500 | ||
|---|---|---|---|
| 003 | CEME | ||
| 005 | 20210628205248.0 | ||
| 008 | 210224b xxu||||| |||| 00| 0 eng d | ||
| 020 | _a969-35-0725-8 | ||
| 040 | _c. | ||
| 082 | _a946.8 MAN'N | ||
| 100 |
_aManzoor, Ellahi _938076 |
||
| 245 | _aNairang-e-andalus | ||
| 260 |
_aLAHORE _bSANG-E-MEEL _c1996 |
||
| 300 | _a282P | ||
| 942 |
_cBK _2ddc |
||
| 999 |
_c580159 _d580159 |
||